000 00783nam a2200241Ia 4500
003 OSt
005 20220923221313.0
006 a|||||r|||| 00| 0
007 ta
008 220922b |||||||| |||| 00| 0 hin d
024 _a196,864
037 _cTextual
040 _aARTS
_cARTS
_bhin
041 _2hin
_ahin
082 _aP152, L31
100 _aराजगोपालन, न वी
245 0 _aहिन्दी का भाषा वैज्ञानिक व्याकरण
246 _aHindī kā bhāṣhā vaijnyānik vyākaraṇa
260 _aआगरा
_b हिन्दी संस्थान
_c1973
300 _a244i0
_ccm.
942 _hP152, L31
_cTEXL
_2CC
999 _c348735
_d348735